Bats are night animals

Bibliographic Details
Main Author: Mattern,Joanne
Format: Book
Published: USA : Weekly reader , 2007
Series:Night animals
Subjects:

MARC

LEADER 00000cam a2200000 7i4500
001 0000064741
005 20220105103830.0
008 160721
020 |a 9780836878455 
090 0 0 |a NH   |b ENG 
100 1 |a Mattern,Joanne 
245 1 0 |a Bats are night animals   |c Joanne Mattern 
260 |a USA :   |b Weekly reader ,   |c 2007 
490 1 |a Night animals 
500 |a Children age 4-6 years old (yellow) 
650 0 |a Bats   |x juvenile literature 
650 0 |a Children stories 
999 |a 0001069757   |b Book   |c Children Collection   |e Cawangan Segamat